000
00261cam a2200109ua 4500
082
_a
823.308
_b
PUS/CA
100
_a
Pushkin, A J .
_9
1747
245
_a
Captain`s Daughter /
260
_a
Moscow :
_b
Progress Publishers ,
_c
1965.
300
_a
135 ; .
942
_c
BK
999
_c
4902
_d
4902